00778nam a22002057a 4500999001900000005001700019010001300036020002600049035001200075037001600087082000800103100002400111245010500135246004000240260005300280270005900333300002200392942002700414952013100441 c192926d19292620221011112257.0 aUR-11744 a9789391238353c300.00 aU-10299 bDBAD/PUBa- a921 aوارث ریاضی aنقوش آگي :bمجموعہ مقالات و مکتوبات /cوارث ریاضیhا ر د و aNuqoosh-E-Aagahi /bby Waris Reyazi aNew DelhibEducational Publishing Housec2021 ء aH.O. D1/16, Ansari Road, Darya GanjbNew Delhie110002 a332 صc22cm(pbk) 2ddccURh921mو ا ر 001040708NFICaLbLd2022-10-11eDBAD/PUBg300.00l0o921 و ا رpU-10299r2022-10-11 00:00:00t1v300.00w2022-10-11yUR